Geometry IV : non-regular riemannian geometry

Αποθηκεύτηκε σε:
Λεπτομέρειες βιβλιογραφικής εγγραφής
Άλλοι συγγραφείς: Reshetniak, IUrii Grigorevich (Επιμελητής έκδοσης)
Μορφή: Βιβλίο
Γλώσσα:English
Russian
Δημοσίευση: Berlin : Springer-Verlag, c1993.
Σειρά:Encyclopaedia of mathematical sciences ; 70
Θέματα:
Ετικέτες: Προσθήκη ετικέτας
Δεν υπάρχουν, Καταχωρήστε ετικέτα πρώτοι!

MARC

LEADER 00000cam a2200000 i 4500
001 1/31548
008 960726s1993 gw | ||| |||| ||eng||
020 |a 3540547010  
035 |a 1995  |l 10038857 
040 |a GR-MY-UA  |b gre  |e aacr 
041 1 |a eng  |h rus 
082 0 |a 516.373 
245 1 0 |a Geometry IV :   |b non-regular riemannian geometry /   |c Yu.G. Reshetnyak (ed.)  
246 3 3 |a Geometry 4 
246 3 3 |a Geometry four 
246 3 3 |a Non-regular riemannian geometry 
260 |a Berlin :   |b Springer-Verlag,   |c c1993.  
300 |a 250 σ. ;   |c 24 εκ.  
490 1 |a (Encyclopaedia of mathematical sciences   |v ; 70)  
500 |a Τίτλος πρωτοτύπου: Geometriya 4 
504 |a Περιέχει βιβλιογραφικές αναφορές και ευρετήρια 
650 0 0 |a Geometry, Riemannian. 
700 1 |a Reshetniak, IUrii Grigorevich,  |e edt 
830 0 |a Encyclopaedia of mathematical sciences ;  |v  70 
852 |a INST  |b SAMOS  |e 19960726  |h 516.373 GEO  |p 005300005221  |q 005300005221  |t BK  |y 0 
852 |a INST  |b SAMOS  |e 19990311  |h 516.373 GEO  |p 005300013377  |q 005300013377  |t BK  |y 0 
901 |a BIBL-1999-1 
909 |a Σ  |b 039339 
909 |a Σ  |b 062957 
922 |a 3ΕΛΗ  |b 199901  |c ΕΠΕΑΕΚ/ΜΑΘ  |d LEADER